000 00352nam a2200145Ia 4500
008 230718s9999 xx 000 0 und d
041 _aEng.
082 _a346.0488
_bMEH-L
100 _amehrom ali bali
245 0 _alaw relating to export evidence
260 _aPakistan
_bomer law book house
_c2016
300 _a626
650 _aLaw
999 _c33014
_d33014